000 00472nam a2200145Ia 4500
003 OSt
005 20260129121614.0
008 211028s2018 xx 000 0 und d
040 _cAIMIT LIBRARY
041 _aeng
100 _aJoseph, Meto M; D Souza, Lestan.
_g1616105
_97861
245 _aStudy on the customer satisfaction towards products and services of midas precured trade (P) ltd Kottayam Kerala /
260 _aMangalore
_bDhananjaya K.
_c2018
942 _2ddc
_cPRO
999 _c219429
_d219429